000 00675nam a2200193 4500
008 160822b xxu||||| |||| 00| 0 eng d
020 _a053463222X
082 _22006
_aDC 363.2
_bH46p
100 _913395
_aHess, Karen M.
245 _aPolice operations:
_btheory and practice/
_cKaren Matison Hess and Henry M. Wrobleski.
250 _a4th edition
260 _aAustralia:
_bThomson/Wadsworth,
_cc2006.
300 _axxv, 513 pages:
_billustrations;
_c22 cm.
500 _aIncludes bibliographical references, glossary and index.
650 0 _913396
_aPolice
650 0 _913397
_aPolice
_xUnited States
700 _913398
_aWrobleski, Henry M.
_eAuthor
942 _2ddc
_cDC
999 _c4008
_d4008